<?xml version="1.0" encoding="UTF-8"?><?xml-stylesheet type="text/xsl" href="static/style.xsl"?><OAI-PMH xmlns="http://www.openarchives.org/OAI/2.0/" xmlns:xsi="http://www.w3.org/2001/XMLSchema-instance" xsi:schemaLocation="http://www.openarchives.org/OAI/2.0/ http://www.openarchives.org/OAI/2.0/OAI-PMH.xsd"><responseDate>2026-04-29T06:16:02Z</responseDate><request verb="GetRecord" identifier="oai:repisalud.isciii.es:20.500.12105/23539" metadataPrefix="marc">https://repisalud.isciii.es/rest/oai/request</request><GetRecord><record><header><identifier>oai:repisalud.isciii.es:20.500.12105/23539</identifier><datestamp>2024-11-29T04:13:01Z</datestamp><setSpec>com_20.500.12105_15322</setSpec><setSpec>com_20.500.12105_2051</setSpec><setSpec>col_20.500.12105_16967</setSpec></header><metadata><record xmlns="http://www.loc.gov/MARC21/slim" xmlns:dcterms="http://purl.org/dc/terms/" xmlns:doc="http://www.lyncode.com/xoai" xmlns:xsi="http://www.w3.org/2001/XMLSchema-instance" xsi:schemaLocation="http://www.loc.gov/MARC21/slim http://www.loc.gov/standards/marcxml/schema/MARC21slim.xsd">
   <leader>00925njm 22002777a 4500</leader>
   <datafield ind2=" " ind1=" " tag="042">
      <subfield code="a">dc</subfield>
   </datafield>
   <datafield ind2=" " ind1=" " tag="720">
      <subfield code="a">García-Pazo, Patricia</subfield>
      <subfield code="e">author</subfield>
   </datafield>
   <datafield ind2=" " ind1=" " tag="720">
      <subfield code="a">Guillén-Solà, Mireia</subfield>
      <subfield code="e">author</subfield>
   </datafield>
   <datafield ind2=" " ind1=" " tag="720">
      <subfield code="a">Santos-Sopena, Oscar O</subfield>
      <subfield code="e">author</subfield>
   </datafield>
   <datafield ind2=" " ind1=" " tag="720">
      <subfield code="a">García-Avelló, Macarena</subfield>
      <subfield code="e">author</subfield>
   </datafield>
   <datafield ind2=" " ind1=" " tag="720">
      <subfield code="a">Bauzà-Amengual, Maria de Lluc</subfield>
      <subfield code="e">author</subfield>
   </datafield>
   <datafield ind2=" " ind1=" " tag="260">
      <subfield code="c">2022-05</subfield>
   </datafield>
   <datafield ind2=" " ind1=" " tag="520">
      <subfield code="a">Aims: The objectives of this research protocol are as follows: to examine the influence of the COVID-19 pandemic on health and social care for migrant women in the Son Gotleu district of Palma de Mallorca, Spain, and to develop outreach tools to target this specific group. Design: This is a qualitative study that uses content analysis to obtain in-depth knowledge of personal experience (manifest content) and contextual experience (latent content) in a specific social setting. Methods: The study population are migrant women living in Son Gotleu district, who are segmented by their age and experience of COVID-19, defined as positive or negative according to whether or not they have been infected with the disease. Results: The shortcomings and needs relating to communication and health care that affect this group's current and future quality of life will be identified. Conclusion: The study of migrant women offers a gateway allowing vulnerability in health care to be detected. An awareness of their needs will allow prototype tools to be developed to facilitate communication and care for general and acute health needs between the scientific community and the vulnerable population.</subfield>
   </datafield>
   <datafield ind1="8" ind2=" " tag="024">
      <subfield code="a">García-Pazo P, Guillén-Solà M, Santos-Sopena OO, García-Avelló M, Bauzà-Amengual M de Ll. The impact of COVID-19 on migrant women in son Gotleu (Palma) and the development of outreach tools to improve health and social care. J Adv Nurs. 2022 May;78(5):1493-502.</subfield>
   </datafield>
   <datafield ind1="8" ind2=" " tag="024">
      <subfield code="a">https://hdl.handle.net/20.500.13003/18694</subfield>
   </datafield>
   <datafield ind1="8" ind2=" " tag="024">
      <subfield code="a">https://hdl.handle.net/20.500.12105/23539</subfield>
   </datafield>
   <datafield ind1="8" ind2=" " tag="024">
      <subfield code="a">35201630</subfield>
   </datafield>
   <datafield ind1="8" ind2=" " tag="024">
      <subfield code="a">10.1111/jan.15169</subfield>
   </datafield>
   <datafield ind1="8" ind2=" " tag="024">
      <subfield code="a">1365-2648</subfield>
   </datafield>
   <datafield ind1="8" ind2=" " tag="024">
      <subfield code="a">Journal of advanced nursing</subfield>
   </datafield>
   <datafield ind1="8" ind2=" " tag="024">
      <subfield code="a">2-s2.0-85125775489</subfield>
   </datafield>
   <datafield ind1="8" ind2=" " tag="024">
      <subfield code="a">786813000026</subfield>
   </datafield>
   <datafield ind1="8" ind2=" " tag="024">
      <subfield code="a">L637345997</subfield>
   </datafield>
   <datafield ind2="0" ind1="0" tag="245">
      <subfield code="a">The impact of COVID-19 on migrant women in son Gotleu (Palma) and the development of outreach tools to improve health and social care</subfield>
   </datafield>
</record></metadata></record></GetRecord></OAI-PMH>